Pensar e investigar la formacin̤ ťica del contador pb︢lico tres investigaciones /

Detalles Bibliográficos
Autor principal: Navarro-Morato, Oscar Sal︢
Otros Autores: Melquicedec, Giovanny, Peą, Martn̕, Ortiz-Ocaą, Alexander Luis, Ruiz-Vargas, Mario Antonio
Formato: eBook
Lenguaje:español
Publicado: Bogot:̀ Ediciones Universidad Cooperativa de Colombia, 2019
Materias:
Acceso en línea:Acceso restringido

MARC

LEADER 00000nam a22000007a 4500
005 20191015233854.0
007 cr|||| ||||
008 191015s2019 co |||||s|||| 00||0 spa d
020 |a 978-958-760-119-0 
035 |a 30548 
040 |a vLex 
090 |c 9845  |d 9845 
100 1 |a Navarro-Morato, Oscar Sal︢ 
245 1 0 |a Pensar e investigar la formacin̤ ťica del contador pb︢lico  |h [Recurso electrn̤ico] :  |b tres investigaciones /  |c Oscar Sal︢ Navarro-Morato, Giovanny Melquicedec, Martn̕ Peą, Alexander Luis Ortiz-Ocaą, Mario Antonio Ruiz-Vargas 
256 |a Servicio en ln̕ea 
260 |a Bogot:̀  |b Ediciones Universidad Cooperativa de Colombia,  |c 2019 
300 |a 1 recurso electrn̤ico 
506 1 |a Disponible solo en los productos indicados  |d vLex Global  |d vLex Global (Academic Edition, excluding Law Schools)  |d vLex Global (U.S. Academic Edition, Law Schools)  |d vLex Global (U.S. Academic Edition, excluding Law Schools)  |d vLex Global (Academic Edition, Law Schools) 
650 0 4 |a Derecho Pb︢lico y Administrativo  |z Colombia 
700 1 |a Melquicedec, Giovanny 
700 1 |a Peą, Martn̕ 
700 1 |a Ortiz-Ocaą, Alexander Luis 
700 1 |a Ruiz-Vargas, Mario Antonio 
740 0 |a vLex Libros (Servicio en ln̕ea) 
856 4 0 |u http://vlex.com/source/pensar-investigar-formacion-etica-contador-publico-tres-investigaciones-30548  |z Acceso restringido 
942 |c BOOK 
999 0 |a Public and Administrative Law